| 000 | 00874nam a22002177a 4500 | ||
|---|---|---|---|
| 008 | 130821s2008 ck a gr spa | ||
| 020 | _a9789588295978 | ||
| 040 |
_aCo-BoUCM _bspa |
||
| 041 | 0 | 0 | _aspa |
| 245 | 0 | 0 |
_aAmenaza de desastres construcciones palafíticas sobre bienes de uso público _cColombia. Procuraduría General de la Nación |
| 260 |
_aBogotá (Colombia) _bProcuraduría General de la Nación _c2008 |
||
| 300 |
_a507 páginas _bilustraciones |
||
| 490 | 0 |
_aColección Derecho Civil _v9 |
|
| 650 | 0 | 4 |
_aBienes públicos _910072 |
| 650 | 0 | 4 |
_aContaminación _xAspectos ambientales _984231 |
| 650 | 0 | 4 |
_aDesastres naturales _xMedidas de seguridad _912998 |
| 650 | 0 | 4 |
_aViviendas lacustres _926351 |
| 710 | 1 |
_aColombia _bProcuraduría General de la Nación _94062 |
|
| 942 |
_cLIBRO _a5 _e1 _mA511a _2DEWEY _h363.3493 |
||
| 999 |
_c92781 _d92781 |
||